000 01219nam a2200253 i 4500
001 159519
003 ES-MaACL
005 20231226174858.0
008 991001s1881 sp |||| |dspa d
100 1 _aMesonero Romanos, Ramón de,
_d1803-1882
_980672
245 1 0 _aRecuerdos de viaje por Francia y Bélgica, en 1840 a 1841 /
_csu autor El Curioso Parlante.
250 _aNueva ed. corr. y aum.
260 _aMadrid :
_bOficinas de la Ilustración Española y Americana,
_c1881 (
_fImp., estereotipia y galvanoplastia de Aribau y Cª)
300 _aVII, 290 p. ;
_c21 cm.
490 1 _aBiblioteca selecta de autores contemporáneos.
_aObras de D. Ramón de Mesonero Romanos ;
_v4
530 _aDisponible en formato digital.
594 _aEl Curioso Parlante es seud. de Ramón de Mesonero Romanos.
651 4 _aFrancia-
_xDescripción.
_98676
651 4 _aBélgica-
_xDescripción.
_9159915
830 1 _aBiblioteca selecta de autores contemporáneos.
_aObras de D. Ramón de Mesonero Romanos ;
_v4
_9221944
852 _aES-MaACL
_jZ-30(II)
_z- Enc. hol.
_xB-5674
_d
856 _uhttp://bdh-rd.bne.es/viewer.vm?id=0000113126&page=1
_zBiblioteca Digital Hispánica
999 _c159519
_d159519